LEADER 01541nam 2200409 a 450 001 9910691241603321 005 20010730163219.0 035 $a(CKB)5470000002344949 035 $a(OCoLC)47672773 035 9 $aocm47672773 035 $a(OCoLC)995470000002344949 035 $a(EXLCZ)995470000002344949 100 $a20010730d2001 ua 0 101 0 $aeng 135 $auran|||||| 181 $ctxt$2rdacontent 182 $cc$2rdamedia 183 $acr$2rdacarrier 200 10$aForeign assistance$b[electronic resource] $ePeru on track for free and fair elections but faces major challenges : statement of Susan S. Westin, Managing Director, International Affairs and Trade, before the Committee on International Relations, Subcommittee on Western Hemisphere, House of Representatives /$fUnited States General Accounting Office 210 1$aWashington, D.C. :$cThe Office,$d[2001] 225 1 $aTestimony ;$vGAO-01-496 T 300 $a"For release ... March 14, 2001." 300 $aPaper version available from the General Accounting Office. 300 $aTitle from title screen. 320 $aIncludes bibliographical references. 517 $aForeign assistance 606 $aElections$zPeru 607 $aPeru$xPolitics and government 615 0$aElections 700 $aWestin$b Susan S$01381062 712 02$aUnited States.$bGeneral Accounting Office. 801 0$bGPO 801 1$bGPO 906 $aBOOK 912 $a9910691241603321 996 $aForeign assistance$93423357 997 $aUNINA